01542nam a2200313Ia 450000500170000000800410001702000190005808200190007710000270009624501360012325000390025930000610029850000680035950400270042750503820045465000400083665000310087665000370090770000340094470000320097870000350101094200120104526400330105733600270109033700330111733800280115004000350117899900150121320220317001127.0160825s9999 xx g 000 0 und  a9789583002601204a616.0252 bP731 aHarker Delgado, Felipe10aPrimeros auxiliosbmanual de consultacconsultores y asesores Felipe Harker Delgado, Fernando Pinzón A., Mauricio Molina Achurí a2a. edición b1a. reimpresión  a256 páginas bilustraciones en blanco y negro c23 cm  aIncluye apéndice sobre atención y prevención de desastres aIncluye bibliografía aQue son los primeros auxilios? -- El botiquín -- Valoración de los signos vitales -- Vendajes -- Ayuda en caso de heridas -- Ayuda en caso de hemorragias -- Ayuda en caso de quemaduras -- Ayuda en caso de traumatismos óseos -- Transporte y movilización de accidentados -- Ayuda en caso de alteraciones de conciencia -- Ayuda en caso de dificultades cardio respiratorias142LEMBaPrimeros auxilios vManuales 142LEMBaUrgencias médicas 142LEMBaAsistencia en emergencias 1 aHarkey Delgado, Felipe9665221 aPinzón A, Fernando9665231 aMolina Achury, Mauricio966524 2ddccBK aBogotábPanamericanac2006 atextobtxt2rdacontent asin mediaciónbn2rdamedia avolumenbnc2rdacarrier aCO-BoRNBPbspaerdacCO-BoRNBP c6008d6008